书目信息 |
| 题名: |
静电学和电动力学
|
|
| 作者: | 斯迈思 著 ;戴世强 译 | |
| 分册: | 上册 | |
| 出版信息: | 北京 科学出版社 1981 |
|
| 页数: | 353页 | |
| 开本: | 19cm | |
| 丛书名: | ||
| 单 册: | ||
| 中图分类: | O441.1 | |
| 科图分类: | ||
| 主题词: | 电动力学 , 静电学 | |
| 电子资源: | ||
| ISBN: | ||
| 000 | 00721nam0 2200253 45 | |
| 001 | 0181005187 | |
| 005 | 20060404081922.48 | |
| 010 | @dCNY1.85 | |
| 091 | @a13031.1459 | |
| 100 | @a19950619f1981 emky0chiy0121 ea | |
| 101 | 1 | @achi@ceng |
| 102 | @aCN@b110000 | |
| 105 | @ay z 000yy | |
| 200 | 10 | @a静电学和电动力学@Ajing dian xue he dian dong li xue@h上册@f(美)W·R·斯迈思著@F(mei)W·R·si mai si zhu@g戴世强译 |
| 210 | @a北京@c科学出版社@d1981 | |
| 215 | @a353页@d19cm | |
| 606 | @a电动力学 | |
| 606 | @a静电学 | |
| 690 | @aO441.1@v3 | |
| 701 | 0 | @a斯迈思@Asi mai si@4著 |
| 702 | 0 | @a戴世强@Adai shi qiang@4译 |
| 801 | 0 | @aCN@bTSSF@c20060404 |
| 801 | 2 | @aCN@bNLC@c20060111 |
| 905 | @a10447@dO441.1@e23:1 | |
| 静电学和电动力学.上册/(美)W·R·斯迈思著/戴世强译.-北京:科学出版社,1981 |
| 353页;19cm |
| ISBN :CNY1.85 |
| ● |
| 相关链接 |
|
|
|
|
正题名:静电学和电动力学
索取号:O441.1/23:1
 
预约/预借
| 序号 | 登录号 | 条形码 | 馆藏地/架位号 | 状态 | 备注 |
| 1 | 0041283 | 001456962 | 密集书库/ [索取号:O441.1/23:1] | 在馆 | |
| 2 | 0041284 | 001456980 | 密集书库/ [索取号:O441.1/23:1] | 在馆 | |
| 3 | 0041285 | 001456953 | 密集书库/ [索取号:O441.1/23:1] | 在馆 |